000 03538cam a22006374i 4500
003 PE-LiUPU
005 20250731173526.0
008 150616s1966 cau r 000 0 spa d
035 _a(Sirsi) a8550
040 _aPE-LiUPU
_bspa
_cPE-LiUPU
_erda
049 _aPRUA
050 _aBX6147
_b.M46
082 0 4 _a286.7325
_bMS
_221
100 1 _aWhite, Elena G. de,
_eautor.
245 1 0 _aMensajes Selectos.
_n1 /
_cElena G. de White.
264 1 _aCalifornia :
_bPublicaciones Interamericanas,
_c1966.
300 _a520 páginas ;
_c18 centímetros
336 _atext
_2rdacontent
337 _aunmediated
_2rdamedia
338 _avolume
_2rdacarrier
505 0 _aLuz sobre nuestro sendero -- La experiencia Cristiana -- Reavivamiento y reforma -- "Que prediques la palabra" -- Cristo y las doctrinas.
526 _aSEG42
526 _aSEG41
526 _aSEG40
526 _aSEG39
526 _aP94
526 _aP87
526 _aP86
526 _aP85
526 _aP77
526 _aP76
526 _aP35
541 _g001-0000525;
650 0 4 _aConsejeria cristiana.
910 _ajck
_bjvq
_cjck
942 _2ddc
_cBOOK
949 _a286.7325 MS 1
_wDEWEY
_c1
_i20438
_lCCODEBUL1
_mBUL
_p00.00
_r0
_sY
_tBOOK
_u19940719
_xBIBLIOTECA
_zUNKNOWN
_0COMPRA
_o.STAFF. Colección Teología
949 _a286.7325 MS 1
_wDEWEY
_c2
_i23363
_lCCODEBUL1
_mBUL
_p00.00
_r0
_sY
_tBOOK
_u19940719
_xBIBLIOTECA
_zUNKNOWN
_0COMPRA
_o.STAFF. Colección Teología
949 _a286.7325 MS 1
_wDEWEY
_c3
_i63348
_lCCODEBUL1
_mBUL
_pdollar12
_r0
_sY
_tBOOK
_u20110810
_xTEOLOGIA
_PP35
_0COMPRA
_o.STAFF. Colección Teología
949 _a286.7325 MS 1
_wDEWEY
_c4
_i36029
_lCCODEBUL1
_mBUL
_p00.00
_r0
_sY
_tBOOK
_u19940719
_xBIBLIOTECA
_zUNKNOWN
_0COMPRA
_o.STAFF. Colección Teología
949 _a286.7325 MS 1
_wDEWEY
_c5
_i07524
_lCCODEBUL1
_mBUL
_p00.00
_r0
_sY
_tBOOK
_u19940719
_xBIBLIOTECA
_zUNKNOWN
_0COMPRA
_o.STAFF. Colección Teología
949 _a286.7325 MS 1
_wDEWEY
_c6
_i14343
_lCCODEBUL1
_mBUL
_p00.00
_r0
_sY
_tBOOK
_u19940719
_xBIBLIOTECA
_zUNKNOWN
_0COMPRA
_o.STAFF. Colección Teología
994 _aC0
_bPEPRU
596 _a1 4
999 _a286.7325 MS 1
_wDEWEY
_c59915
_i23363
_d59915
_e2018-3-28
_f2019-12-11
_g4
_lDISCARD
_mBUL
_n6
_p20.00
_q7
_r0
_sY
_tBOOK
_u2015-6-16
_xTEOLOGIA
_zUNKNOWN
_0COMPRA
_o.STAFF. Colección Teología
999 _a286.7325 MS 1
_wDEWEY
_c3
_i63348
_d2019-7-8
_e2018-4-10
_f2021-11-11
_g5
_lCCODEBUL1
_mBUL
_n7
_p20.00
_q4
_r0
_sY
_tBOOK
_u2015-6-16
_xTEOLOGIA
_PP35
_0COMPRA
_o.STAFF. Colección Teología
999 _a286.7325 MS 1
_wDEWEY
_c5
_i07524
_d2018-4-10
_e2017-4-24
_f2019-12-11
_g4
_lDISCARD
_mBUL
_n3
_p12.00
_q3
_r0
_sY
_tBOOK
_u2015-6-16
_xTEOLOGIA
_PP35
_0COMPRA
_o.STAFF. Colección Teología
999 _a286.7325 MS 1
_wDEWEY
_c6
_i14343
_d2019-9-17
_e2019-3-11
_f2019-12-11
_g5
_lDISCARD
_mBUL
_n10
_p20.00
_q2
_r0
_sY
_tBOOK
_u2015-6-16
_xTEOLOGIA
_PP35
_0COMPRA
_o.STAFF. Colección Teología
999 _a286.7325 MS T1 1966
_wDEWEY
_c2
_iCW36029
_f2021-12-21
_g2
_lCCODECWL1
_mBWL
_p20.00
_r1
_sY
_tBOOK
_u2015-6-16
_xWHITE
_zUNKNOWN
_0COMPRA
_o.STAFF. Centro White
999 _a286.7325 MS T1 1977
_wDEWEY
_c1
_iCW20438
_f2021-12-21
_g2
_lCCODECWL1
_mBWL
_r0
_sY
_tBOOK
_u2017-10-12
_xWHITE
_zUNKNOWN
_0COMPRA
_o.STAFF. Centro White
980 _81
_gALBERTO SANCHEZ Responsable de Automatización